[Event "2024 National Elementary (K-6) Championship"]
[Site "Columbus, Ohio, United States"]
[Date "????.??.??"]
[Round "1.6"]
[White "Ilyasov, Ahmed"]
[Black "Chen, Bryant Anson"]
[Result "0-1"]
[TimeControl "G/90; d10"]
[WhiteFideId "30978840"]
[WhiteElo "2027"]
[BlackElo "1471"]

1. e4 {[%clk 01:30:00]} {[%emt 00:00:02]} e5 {[%clk 01:30:00]} {[%emt
00:00:02]} 2. Nf3 {[%clk 01:30:00]} {[%emt 00:00:06]} Nc6 {[%clk 01:30:00]} 3.
Bb5 {[%clk 01:30:00]} {[%emt 00:00:06]} Bc5 {[%clk 01:30:00]} {[%emt 00:00:05]}
4. c3 {[%clk 01:30:00]} {[%emt 00:00:08]} Nf6 {[%clk 01:30:00]} {[%emt
00:00:09]} 5. d3 {[%clk 01:29:05]} {[%emt 00:01:05]} O-O {[%clk 01:26:16]}
{[%emt 00:03:54]} 6. Bxc6 {[%clk 01:28:37]} {[%emt 00:00:38]} dxc6 {[%clk
01:26:00]} {[%emt 00:00:27]} 7. Nxe5 {[%clk 01:28:37]} {[%emt 00:00:05]} Re8
{[%clk 01:25:28]} {[%emt 00:00:41]} 8. Nc4 {[%clk 01:25:52]} {[%emt 00:02:56]}
Be6 {[%clk 01:24:41]} {[%emt 00:00:57]} 9. Ne3 {[%clk 01:25:44]} {[%emt
00:00:18]} Qe7 {[%clk 01:24:22]} {[%emt 00:00:29]} 10. O-O {[%clk 01:25:08]}
{[%emt 00:00:46]} Rad8 {[%clk 01:24:13]} {[%emt 00:00:19]} 11. Qc2 {[%clk
01:24:22]} {[%emt 00:00:56]} h6 {[%clk 01:21:01]} {[%emt 00:03:22]} 12. a4
{[%clk 01:23:25]} {[%emt 00:01:07]} a6 {[%clk 01:20:41]} {[%emt 00:00:30]} 13.
d4 {[%clk 01:21:47]} {[%emt 00:01:48]} Ba7 {[%clk 01:20:26]} {[%emt 00:00:13]}
14. Nd2 {[%clk 01:21:01]} {[%emt 00:01:07]} c5 {[%clk 01:15:15]} {[%emt
00:05:21]} 15. e5 {[%clk 01:16:14]} {[%emt 00:04:57]} Nd5 {[%clk 01:14:38]}
{[%emt 00:00:43]} 16. Nxd5 {[%clk 01:16:14]} {[%emt 00:00:07]} Rxd5 {[%clk
01:14:11]} {[%emt 00:00:37]} 17. dxc5 {[%clk 01:15:27]} {[%emt 00:00:58]} Rxe5
{[%clk 01:13:05]} {[%emt 00:01:14]} 18. b4 {[%clk 01:14:42]} {[%emt 00:00:56]}
Bf5 {[%clk 01:12:02]} {[%emt 00:01:12]} 19. Qb3 {[%clk 01:13:02]} {[%emt
00:01:49]} Bd3 {[%clk 01:10:46]} {[%emt 00:01:21]} 20. f4 {[%clk 01:05:32]}
{[%emt 00:07:48]} Re1 {[%clk 01:09:58]} {[%emt 00:00:56]} 21. h3 {[%clk
00:57:51]} {[%emt 00:07:53]} Bxf1 {[%clk 01:09:33]} {[%emt 00:00:34]} 22. Nxf1
{[%clk 00:57:51]} {[%emt 00:00:09]} Rxf1+ {[%clk 01:09:30]} {[%emt 00:00:13]}
23. Kh2 {[%clk 00:56:48]} {[%emt 00:01:12]} Qe1 {[%clk 01:09:02]} {[%emt
00:00:33]} 0-1

[Event "2024 National Elementary (K-6) Championship"]
[Site "Columbus, Ohio, United States"]
[Date "????.??.??"]
[Round "1.7"]
[White "Shrivastava, Aayush"]
[Black "Ramesh, Nehanraj"]
[Result "0-1"]
[TimeControl "G/90; d10"]
[WhiteFideId "39941515"]
[BlackFideId "25113879"]
[WhiteElo "1464"]
[BlackElo "1943"]

1. d4 {[%clk 01:30:00]} d5 {[%clk 01:30:00]} {[%emt 00:00:05]} 2. Nf3 {[%clk
01:30:00]} {[%emt 00:00:07]} Nf6 {[%clk 01:30:00]} {[%emt 00:00:05]} 3. Bf4
{[%clk 01:29:59]} {[%emt 00:00:12]} e6 {[%clk 01:30:00]} {[%emt 00:00:06]} 4.
Nbd2 {[%clk 01:29:45]} {[%emt 00:00:24]} c5 {[%clk 01:29:50]} {[%emt 00:00:21]}
5. e3 {[%clk 01:29:41]} {[%emt 00:00:15]} Nc6 {[%clk 01:28:36]} {[%emt
00:01:23]} 6. dxc5 {[%clk 01:27:00]} {[%emt 00:02:51]} Bxc5 {[%clk 01:28:07]}
{[%emt 00:00:38]} 7. c4 {[%clk 01:27:00]} {[%emt 00:00:12]} O-O {[%clk
01:25:48]} {[%emt 00:02:28]} 8. Be2 {[%clk 01:26:05]} {[%emt 00:01:05]} Bd6
{[%clk 01:20:26]} {[%emt 00:05:32]} 9. Bg5 {[%clk 01:23:18]} {[%emt 00:02:57]}
h6 {[%clk 01:17:47]} {[%emt 00:02:49]} 10. Bh4 {[%clk 01:22:53]} {[%emt
00:00:36]} Be7 {[%clk 01:12:23]} {[%emt 00:05:33]} 11. O-O {[%clk 01:21:07]}
{[%emt 00:01:56]} b6 {[%clk 01:11:33]} {[%emt 00:01:00]} 12. Rc1 {[%clk
01:18:03]} {[%emt 00:03:14]} Bb7 {[%clk 01:11:33]} {[%emt 00:00:09]} 13. Nb3
{[%clk 01:12:08]} {[%emt 00:06:06]} Rc8 {[%clk 01:08:11]} {[%emt 00:03:31]} 14.
Nbd4 {[%clk 01:09:15]} {[%emt 00:03:03]} Nxd4 {[%clk 01:05:52]} {[%emt
00:02:30]} 15. Nxd4 {[%clk 01:09:08]} {[%emt 00:00:17]} dxc4 {[%clk 01:03:51]}
{[%emt 00:02:11]} 16. Bxc4 {[%clk 01:08:24]} {[%emt 00:00:53]} Ne4 {[%clk
01:01:37]} {[%emt 00:02:23]} 17. Bxe7 {[%clk 01:07:30]} {[%emt 00:01:06]} Qxe7
{[%clk 01:01:37]} {[%emt 00:00:02]} 18. Qe2 {[%clk 01:07:16]} {[%emt 00:00:23]}
Rc5 {[%clk 00:51:00]} {[%emt 00:10:46]} 19. b4 {[%clk 01:05:32]} {[%emt
00:01:55]} Rg5 {[%clk 00:46:57]} {[%emt 00:04:11]} 20. Nf3 {[%clk 01:04:12]}
{[%emt 00:01:32]} Rg6 {[%clk 00:45:16]} {[%emt 00:01:51]} 21. Bd3 {[%clk
00:48:48]} {[%emt 00:15:34]} f5 {[%clk 00:42:30]} {[%emt 00:02:57]} 22. Kh1
{[%clk 00:37:37]} {[%emt 00:11:20]} Rxg2 {[%clk 00:35:06]} {[%emt 00:07:35]} 23.
Bxe4 {[%clk 00:31:38]} {[%emt 00:06:09]} Bxe4 {[%clk 00:33:30]} {[%emt
00:01:45]} 24. Rc4 {[%clk 00:24:00]} {[%emt 00:07:48]} Rg4 {[%clk 00:33:24]}
{[%emt 00:00:16]} 25. Rfc1 {[%clk 00:21:44]} {[%emt 00:02:26]} Qb7 {[%clk
00:32:22]} {[%emt 00:01:12]} 26. Rxe4 {[%clk 00:21:12]} {[%emt 00:00:42]} Qxe4
{[%clk 00:31:39]} {[%emt 00:00:52]} 27. h3 {[%clk 00:20:41]} {[%emt 00:00:40]}
Rf4 {[%clk 00:30:09]} {[%emt 00:01:41]} 28. Kh2 {[%clk 00:19:45]} {[%emt
00:01:06]} Rxf3 {[%clk 00:29:55]} {[%emt 00:00:25]} 29. Rg1 {[%clk 00:19:27]}
{[%emt 00:00:27]} f4 {[%clk 00:29:23]} {[%emt 00:00:44]} 30. Qb2 {[%clk
00:19:27]} {[%emt 00:00:07]} Rf7 {[%clk 00:29:18]} {[%emt 00:00:14]} 31. exf4
{[%clk 00:17:51]} {[%emt 00:01:45]} Qxf4+ {[%clk 00:29:18]} {[%emt 00:00:03]}
32. Kh1 {[%clk 00:17:46]} {[%emt 00:00:14]} Rxf2 {[%clk 00:29:18]} {[%emt
00:00:08]} 33. Qxf2 {[%clk 00:16:32]} {[%emt 00:01:24]} Qxf2 {[%clk 00:29:18]}
{[%emt 00:00:02]} 34. Rg2 {[%clk 00:16:25]} {[%emt 00:00:16]} Qf1+ {[%clk
00:29:18]} {[%emt 00:00:05]} 35. Kh2 {[%clk 00:16:18]} {[%emt 00:00:15]} Rf2
{[%clk 00:29:18]} {[%emt 00:00:03]} 36. Rxf2 {[%clk 00:16:18]} {[%emt
00:00:06]} Qxf2+ {[%clk 00:29:18]} {[%emt 00:00:05]} 37. Kh1 {[%clk 00:16:18]}
{[%emt 00:00:06]} e5 {[%clk 00:29:18]} {[%emt 00:00:04]} 38. a4 {[%clk
00:16:18]} {[%emt 00:00:05]} e4 {[%clk 00:29:18]} {[%emt 00:00:03]} 39. h4
{[%clk 00:16:18]} {[%emt 00:00:10]} e3 {[%clk 00:29:18]} {[%emt 00:00:03]} 40.
h5 {[%clk 00:16:18]} {[%emt 00:00:04]} e2 {[%clk 00:29:18]} {[%emt 00:00:02]}
41. b5 {[%clk 00:16:18]} {[%emt 00:00:04]} e1=Q# {[%clk 00:29:18]} {[%emt
00:00:02]} 0-1

[Event "2024 National Elementary (K-6) Championship"]
[Site "Columbus, Ohio, United States"]
[Date "????.??.??"]
[Round "1.8"]
[White "Wang, Freyr"]
[Black "Bossola, Rio"]
[Result "1-0"]
[TimeControl "G/90; d10"]
[WhiteFideId "30967767"]
[WhiteElo "1992"]
[BlackElo "1457"]

1. e4 {[%clk 01:30:00]} c6 {[%clk 01:30:00]} {[%emt 00:00:05]} 2. d4 {[%clk
01:30:00]} {[%emt 00:00:04]} d5 {[%clk 01:30:00]} {[%emt 00:00:06]} 3. e5
{[%clk 01:30:00]} {[%emt 00:00:03]} Bf5 {[%clk 01:30:00]} {[%emt 00:00:07]} 4.
h4 {[%clk 01:30:00]} {[%emt 00:00:10]} h5 {[%clk 01:30:00]} {[%emt 00:00:08]} 5.
Bg5 {[%clk 01:29:47]} {[%emt 00:00:23]} Qb6 {[%clk 01:29:50]} {[%emt 00:00:21]}
6. Bd3 {[%clk 01:29:04]} {[%emt 00:00:53]} Bxd3 {[%clk 01:28:45]} {[%emt
00:01:14]} 7. Qxd3 {[%clk 01:29:01]} {[%emt 00:00:15]} Qxb2 {[%clk 01:27:27]}
{[%emt 00:01:28]} 8. e6 {[%clk 01:25:16]} {[%emt 00:03:55]} Qxa1 {[%clk
01:17:15]} {[%emt 00:10:21]} 9. Qb3 {[%clk 01:25:07]} {[%emt 00:00:19]} Qxd4
{[%clk 01:13:52]} {[%emt 00:03:32]} 10. Qxb7 {[%clk 01:24:45]} {[%emt
00:00:33]} Qe5+ {[%clk 01:11:38]} {[%emt 00:02:25]} 11. Be3 {[%clk 01:23:56]}
{[%emt 00:00:58]} fxe6 {[%clk 01:02:26]} {[%emt 00:09:22]} 12. Qxa8 {[%clk
01:17:07]} {[%emt 00:06:59]} d4 {[%clk 00:57:15]} {[%emt 00:05:21]} 13. Nf3
{[%clk 01:12:50]} {[%emt 00:04:28]} Qb5 {[%clk 00:50:39]} {[%emt 00:06:45]} 14.
Na3 {[%clk 01:05:41]} {[%emt 00:07:11]} Qb4+ {[%clk 00:36:57]} {[%emt
00:14:00]} 15. Bd2 {[%clk 01:03:54]} {[%emt 00:01:56]} Qd6 {[%clk 00:35:19]}
{[%emt 00:01:49]} 16. Nc4 {[%emt 00:03:09]} Qd8 {[%clk 00:34:45]} {[%emt
00:00:42]} 17. Nce5 {[%clk 00:58:28]} {[%emt 00:02:36]} Nh6 {[%clk 00:32:58]}
{[%emt 00:01:59]} 18. O-O {[%clk 00:54:46]} {[%emt 00:03:54]} Nd7 {[%clk
00:29:55]} {[%emt 00:03:12]} 19. Qxd8+ {[%clk 00:54:18]} {[%emt 00:00:38]} Kxd8
{[%clk 00:29:55]} {[%emt 00:00:03]} 20. Bxh6 {[%clk 00:54:07]} {[%emt
00:00:20]} Nxe5 {[%clk 00:29:49]} {[%emt 00:00:17]} 21. Nxe5 {[%clk 00:54:07]}
{[%emt 00:00:07]} Rxh6 {[%clk 00:29:47]} {[%emt 00:00:12]} 22. Nf7+ {[%clk
00:54:07]} {[%emt 00:00:06]} Ke8 {[%clk 00:29:47]} {[%emt 00:00:02]} 23. Nxh6
{[%clk 00:54:07]} {[%emt 00:00:07]} gxh6 {[%clk 00:29:47]} {[%emt 00:00:09]} 24.
Re1 {[%clk 00:53:58]} {[%emt 00:00:19]} Kf7 {[%clk 00:29:30]} {[%emt 00:00:28]}
25. Re5 {[%clk 00:53:51]} {[%emt 00:00:16]} Bg7 {[%clk 00:29:28]} {[%emt
00:00:12]} 26. Ra5 {[%clk 00:53:44]} {[%emt 00:00:17]} e5 {[%clk 00:29:25]}
{[%emt 00:00:13]} 27. Rxa7 {[%clk 00:53:44]} {[%emt 00:00:05]} Ke6 {[%clk
00:29:25]} {[%emt 00:00:09]} 28. a4 {[%clk 00:53:29]} {[%emt 00:00:25]} e4
{[%clk 00:28:56]} {[%emt 00:00:40]} 29. a5 {[%clk 00:51:28]} {[%emt 00:02:11]}
d3 {[%clk 00:26:59]} {[%emt 00:02:06]} 30. cxd3 {[%clk 00:51:20]} {[%emt
00:00:18]} exd3 {[%clk 00:26:56]} {[%emt 00:00:14]} 31. Kf1 {[%clk 00:51:07]}
{[%emt 00:00:21]} Bc3 {[%clk 00:26:51]} {[%emt 00:00:16]} 32. a6 {[%clk
00:50:12]} {[%emt 00:01:06]} Bd4 {[%clk 00:26:25]} {[%emt 00:00:35]} 33. Rb7
{[%clk 00:49:51]} {[%emt 00:00:31]} d2 {[%clk 00:26:00]} {[%emt 00:00:35]} 34.
Ke2 {[%clk 00:49:39]} {[%emt 00:00:22]} Bxf2 {[%clk 00:25:50]} {[%emt
00:00:20]} 35. a7 {[%clk 00:49:36]} {[%emt 00:00:14]} Bxa7 {[%clk 00:25:47]}
{[%emt 00:00:12]} 36. Rxa7 {[%clk 00:49:36]} Kd6 {[%clk 00:25:16]} {[%emt
00:00:41]} 37. Kxd2 {[%clk 00:49:36]} {[%emt 00:00:07]} e5 {[%clk 00:25:16]}
{[%emt 00:00:07]} 38. Rh7 {[%clk 00:49:36]} {[%emt 00:00:07]} Kd5 {[%clk
00:25:11]} {[%emt 00:00:15]} 39. Rxh6 {[%clk 00:49:36]} {[%emt 00:00:09]} c5
{[%clk 00:25:11]} {[%emt 00:00:06]} 40. Rxh5 {[%clk 00:49:36]} {[%emt
00:00:07]} Kd4 {[%clk 00:25:11]} {[%emt 00:00:04]} 41. Rh8 {[%clk 00:49:28]}
{[%emt 00:00:18]} e4 {[%emt 00:00:34]} 42. Rd8+ {[%clk 00:49:28]} Ke5 {[%clk
00:24:57]} {[%emt 00:00:07]} 43. h5 {[%clk 00:49:27]} {[%emt 00:00:11]} c4
{[%clk 00:24:50]} {[%emt 00:00:17]} 44. h6 {[%clk 00:49:27]} {[%emt 00:00:07]}
Kf6 {[%clk 00:24:22]} {[%emt 00:00:38]} 45. h7 {[%clk 00:49:26]} {[%emt
00:00:11]} Kg7 {[%clk 00:24:22]} {[%emt 00:00:04]} 46. h8=Q+ {[%clk 00:49:25]}
{[%emt 00:00:10]} Kf7 {[%clk 00:24:22]} {[%emt 00:00:07]} 47. Qf8+ {[%clk
00:49:16]} {[%emt 00:00:18]} Ke6 {[%clk 00:24:19]} {[%emt 00:00:13]} 48. Rd6+
{[%clk 00:49:16]} {[%emt 00:00:04]} Ke5 {[%clk 00:24:02]} {[%emt 00:00:27]} 49.
Qf6# {[%clk 00:49:16]} {[%emt 00:00:01]} 1-0

[Event "2024 National Elementary (K-6) Championship"]
[Site "Columbus, Ohio, United States"]
[Date "????.??.??"]
[Round "1.9"]
[White "Ladi, Krish M"]
[Black "Lee, Aaron"]
[Result "1/2-1/2"]
[TimeControl "G/90; d10"]
[WhiteElo "1123"]
[BlackElo "1388"]

1. e4 {[%clk 01:30:00]} c6 {[%clk 01:30:00]} {[%emt 00:00:06]} 2. d4 {[%clk
01:29:58]} {[%emt 00:00:12]} d5 {[%clk 01:30:00]} {[%emt 00:00:04]} 3. e5
{[%clk 01:29:55]} {[%emt 00:00:13]} Bf5 {[%clk 01:29:55]} {[%emt 00:00:16]} 4.
h4 {[%clk 01:29:30]} {[%emt 00:00:33]} h5 {[%clk 01:29:52]} {[%emt 00:00:15]} 5.
Nc3 {[%clk 01:29:19]} {[%emt 00:00:21]} e6 {[%clk 01:29:37]} {[%emt 00:00:25]}
6. Nf3 {[%clk 01:29:12]} {[%emt 00:00:17]} Bb4 {[%clk 01:28:32]} {[%emt
00:01:14]} 7. Bd2 {[%clk 01:28:57]} {[%emt 00:00:24]} Nd7 {[%clk 01:28:13]}
{[%emt 00:00:30]} 8. a3 {[%clk 01:28:40]} {[%emt 00:00:28]} Ba5 {[%clk
01:28:08]} {[%emt 00:00:15]} 9. b4 {[%clk 01:22:37]} {[%emt 00:06:13]} Bb6
{[%clk 01:27:56]} {[%emt 00:00:22]} 10. Na4 {[%clk 01:19:41]} {[%emt 00:03:05]}
Ne7 {[%clk 01:27:03]} {[%emt 00:01:03]} 11. Nxb6 {[%clk 01:18:28]} {[%emt
00:01:23]} Qxb6 {[%clk 01:26:50]} {[%emt 00:00:23]} 12. c4 {[%clk 01:18:06]}
{[%emt 00:00:32]} Bg4 {[%clk 01:25:44]} {[%emt 00:01:17]} 13. c5 {[%clk
01:17:56]} {[%emt 00:00:19]} Qc7 {[%clk 01:25:41]} {[%emt 00:00:14]} 14. Be2
{[%clk 01:17:11]} {[%emt 00:00:55]} Nf5 {[%clk 01:25:20]} {[%emt 00:00:30]} 15.
Bc3 {[%clk 01:15:55]} {[%emt 00:01:26]} Qd8 {[%clk 01:24:17]} {[%emt 00:01:14]}
16. g3 {[%clk 01:15:22]} {[%emt 00:00:42]} b6 {[%clk 01:23:30]} {[%emt
00:00:58]} 17. Bd3 {[%clk 01:14:55]} {[%emt 00:00:36]} Nh6 {[%clk 01:22:42]}
{[%emt 00:00:59]} 18. Ba6 {[%clk 01:13:24]} {[%emt 00:01:41]} Nf5 {[%clk
01:20:32]} {[%emt 00:02:19]} 19. Bb7 {[%clk 01:12:14]} {[%emt 00:01:20]} Rb8
{[%clk 01:20:32]} {[%emt 00:00:09]} 20. Bxc6 {[%clk 01:12:13]} {[%emt
00:00:11]} Qc7 {[%clk 01:20:32]} 21. Bxd7+ {[%clk 01:10:18]} {[%emt 00:02:05]}
Qxd7 {[%clk 01:20:26]} {[%emt 00:00:16]} 22. Qd3 {[%clk 01:10:11]} {[%emt
00:00:17]} bxc5 {[%clk 01:19:25]} {[%emt 00:01:12]} 23. dxc5 {[%clk 01:09:58]}
{[%emt 00:00:23]} Bxf3 {[%clk 01:18:40]} {[%emt 00:00:55]} 24. Qxf3 {[%clk
01:09:43]} {[%emt 00:00:24]} d4 {[%clk 01:18:38]} {[%emt 00:00:12]} 25. O-O-O
{[%clk 01:08:38]} {[%emt 00:01:14]} Qa4 {[%clk 01:17:51]} {[%emt 00:00:58]} 26.
Bb2 {[%clk 01:07:51]} {[%emt 00:00:57]} Rd8 {[%clk 01:17:09]} {[%emt 00:00:52]}
27. g4 {[%clk 01:06:40]} {[%emt 00:01:20]} hxg4 {[%emt 00:00:49]} 28. Qxg4
{[%clk 01:06:19]} {[%emt 00:00:27]} d3 {[%clk 01:16:27]} {[%emt 00:00:18]} 29.
Qc4 {[%clk 01:06:07]} {[%emt 00:00:19]} a5 {[%clk 01:15:30]} {[%emt 00:01:11]}
30. Rxd3 {[%clk 01:05:12]} {[%emt 00:01:04]} Rxd3 {[%clk 01:14:46]} {[%emt
00:00:54]} 31. Qxd3 {[%clk 01:05:10]} {[%emt 00:00:12]} axb4 {[%clk 01:14:46]}
{[%emt 00:00:02]} 32. Rd1 {[%clk 01:04:30]} {[%emt 00:00:49]} O-O {[%clk
01:14:40]} {[%emt 00:00:17]} 33. axb4 {[%clk 01:04:01]} {[%emt 00:00:39]} Qxb4
{[%clk 01:14:40]} {[%emt 00:00:09]} 34. Qc3 {[%clk 01:02:21]} {[%emt 00:01:50]}
Qxc3+ {[%clk 01:12:07]} {[%emt 00:02:44]} 35. Bxc3 {[%clk 01:02:20]} {[%emt
00:00:10]} Nxh4 {[%clk 01:11:51]} {[%emt 00:00:26]} 1/2-1/2

[Event "2024 National Elementary (K-6) Championship"]
[Site "Columbus, Ohio, United States"]
[Date "????.??.??"]
[Round "1.10"]
[White "Huang, David"]
[Black "Spann, Johnny"]
[Result "1-0"]
[TimeControl "G/90; d10"]
[WhiteElo "1369"]
[BlackElo "1123"]

1. e4 {[%clk 01:29:55]} {[%emt 00:00:12]} e5 {[%clk 01:30:00]} {[%emt
00:00:05]} 2. Nf3 {[%clk 01:29:55]} {[%emt 00:00:08]} Nc6 {[%clk 01:30:00]}
{[%emt 00:00:04]} 3. d4 {[%clk 01:29:54]} {[%emt 00:00:10]} d6 {[%clk
01:28:53]} {[%emt 00:01:17]} 4. d5 {[%clk 01:29:32]} {[%emt 00:00:33]} Nd4
{[%clk 01:28:36]} {[%emt 00:00:27]} 5. Nxd4 {[%clk 01:28:29]} {[%emt 00:01:12]}
exd4 {[%clk 01:28:36]} {[%emt 00:00:05]} 6. Qxd4 {[%clk 01:28:29]} {[%emt
00:00:08]} Qf6 {[%clk 01:28:10]} {[%emt 00:00:36]} 7. Bb5+ {[%clk 01:26:23]}
{[%emt 00:02:15]} Bd7 {[%clk 01:27:58]} {[%emt 00:00:23]} 8. Bxd7+ {[%clk
01:26:10]} {[%emt 00:00:23]} Kxd7 {[%clk 01:27:58]} {[%emt 00:00:05]} 9. Qa4+
{[%clk 01:25:17]} {[%emt 00:01:02]} c6 {[%clk 01:23:55]} {[%emt 00:04:15]} 10.
c3 {[%clk 01:22:26]} {[%emt 00:03:01]} Qg6 {[%clk 01:18:10]} {[%emt 00:05:54]}
11. O-O {[%clk 01:20:43]} {[%emt 00:01:52]} Nf6 {[%clk 01:13:57]} {[%emt
00:04:24]} 12. dxc6+ {[%clk 01:19:55]} {[%emt 00:00:57]} bxc6 {[%clk 01:13:52]}
{[%emt 00:00:16]} 13. Qa6 {[%clk 01:18:49]} {[%emt 00:01:14]} Kc7 {[%clk
01:10:45]} {[%emt 00:03:20]} 14. Qa5+ {[%clk 01:17:24]} {[%emt 00:01:34]} Kd7
{[%clk 01:09:28]} {[%emt 00:01:28]} 15. e5 {[%clk 01:16:27]} {[%emt 00:01:06]}
Qf5 {[%clk 01:04:58]} {[%emt 00:04:41]} 16. Qa6 {[%clk 01:15:48]} {[%emt
00:00:44]} Ne8 {[%clk 01:04:55]} {[%emt 00:00:18]} 17. exd6 {[%clk 01:14:46]}
{[%emt 00:01:12]} Bxd6 {[%clk 01:03:41]} {[%emt 00:01:24]} 18. Be3 {[%clk
01:13:45]} {[%emt 00:01:09]} Nc7 {[%clk 01:00:13]} {[%emt 00:03:40]} 19. Qa4
{[%clk 01:12:00]} {[%emt 00:01:47]} Qe5 {[%clk 00:51:30]} {[%emt 00:08:59]} 20.
g3 {[%clk 01:10:53]} {[%emt 00:01:17]} Qb5 {[%clk 00:50:47]} {[%emt 00:00:51]}
21. Qg4+ {[%clk 01:09:50]} {[%emt 00:01:14]} Ne6 {[%clk 00:49:56]} {[%emt
00:01:03]} 22. b3 {[%clk 01:06:18]} {[%emt 00:03:40]} f5 {[%clk 00:46:04]}
{[%emt 00:04:04]} 23. Qf3 {[%clk 01:04:17]} {[%emt 00:01:59]} Qe5 {[%clk
00:41:22]} {[%emt 00:05:04]} 24. Nd2 {[%clk 01:00:49]} {[%emt 00:03:34]} Bc7
{[%clk 00:34:10]} {[%emt 00:07:27]} 25. Rfe1 {[%clk 00:57:09]} {[%emt
00:03:46]} Qf6 {[%clk 00:29:20]} {[%emt 00:05:04]} 26. Nc4 {[%clk 00:54:59]}
{[%emt 00:02:18]} Bd6 {[%clk 00:23:33]} {[%emt 00:05:59]} 27. Rad1 {[%clk
00:53:37]} {[%emt 00:01:29]} Rac8 {[%clk 00:19:33]} {[%emt 00:04:12]} 28. Rxd6+
{[%clk 00:52:32]} {[%emt 00:01:15]} Ke7 {[%clk 00:19:32]} {[%emt 00:00:11]} 29.
Bd4 {[%clk 00:51:45]} {[%emt 00:00:52]} Qg5 {[%clk 00:19:04]} {[%emt 00:00:43]}
30. Rexe6+ {[%clk 00:51:35]} {[%emt 00:00:20]} Kf7 {[%clk 00:18:26]} {[%emt
00:00:48]} 31. Ne5+ {[%clk 00:50:42]} {[%emt 00:01:02]} Kf8 {[%clk 00:18:21]}
{[%emt 00:00:17]} 32. Rd7 {[%clk 00:50:00]} {[%emt 00:00:47]} Rd8 {[%clk
00:17:59]} {[%emt 00:00:36]} 33. Rxd8+ {[%clk 00:49:37]} {[%emt 00:00:33]} Qxd8
{[%clk 00:17:59]} {[%emt 00:00:02]} 34. Qxf5+ {[%clk 00:49:36]} {[%emt
00:00:11]} 1-0